Finančný trh a jeho segmenty.

Definícia finančného trhu. Ponuka a dopyt po peňažnom kapitáli, cenných papieroch, devízach, drahých kovoch a po platobných prostriedkoch. Funkcia finančného trhu: mobilizovať voľné peňažné prostriedky, umiestňovať ich v oblasti reálneho kapitálu a cenných papierov, redistribuovať predtým zmobilizov...

Descrizione completa

Salvato in:
Dettagli Bibliografici
Autore principale: Hrvoľová, Božena
Natura: Capitolo di libro
Lingua:slovacco
Soggetti:
Tags: Aggiungi Tag
Nessun Tag, puoi essere il primo ad aggiungerne!!

MARC

LEADER 00000naa a2200000 4500
001 r013639
005 20221214064708.8
041 0 |a slo 
044 |a SK 
245 1 0 |a Finančný trh a jeho segmenty.  |c Božena Hrvoľová 
520 |a Definícia finančného trhu. Ponuka a dopyt po peňažnom kapitáli, cenných papieroch, devízach, drahých kovoch a po platobných prostriedkoch. Funkcia finančného trhu: mobilizovať voľné peňažné prostriedky, umiestňovať ich v oblasti reálneho kapitálu a cenných papierov, redistribuovať predtým zmobilizovaný kapitál. Cenou na peňažnom trhu je úrok, na poistnom trhu je poistné. Devízový trh, medzinárodný finančný trh, euromenový trh a trh drahých kovov. Svetový trh kapitálu. 
610 2 0 |a trh finančný 
610 2 0 |a úrok 
610 2 0 |a trh peňažný 
610 2 0 |a trh kapitálový 
610 2 0 |a trh devízový 
610 2 0 |a trh euromenový 
610 2 0 |a poisťovníctvo 
610 2 0 |a poistné 
610 2 0 |a trh svetový 
610 2 0 |a papiere cenné 
610 2 0 |a kovy drahé 
100 1 |a Hrvoľová, Božena